000
00299nam a22001337a 4500
008
181011b xxu||||| |||| 00| 0 eng d
020
_a
0043000487
041
_a
eng
080
_a
316
100
_a
50
101
_a
SOC
245
_a
Social Theory and Political Practice
_c
Fay,B
942
_2
udc
_c
BK
999
_c
49337
_d
49337